zpět

Detail výsledku týmu

The Pub Praha 2 ST, Praha

Datum a čas kvízu

25 Celkem bodů Celkový počet nahraných bodů na tomto kvízu bez doplňovacích otázek.
12. Pořadí na kvízu Konečné umístění týmu na tomto kvízu.

Zaznamenané odpovědi

# Otázka Odpověď Body Výsledky
1. Ve čtvrtek se v pražské Sněmov... dalajláma (Tändzin Gjamccho) 1
2. Pár přísně chráněných živočich... B) užovky 0
3. Minulý týden proběhl v Ostravě... Beats for Love 1
4. Minulý týden jsme se dozvěděli... za Sandru Bullock 1
5. 57letý bývalý tenista, trojnás... Boris Becker 0
6. V tomto tématu se budeme zabýv... Pilsner Urquell 0
7. V reklamách společnosti Tipspo... stačí jen začít 1
8. Pro kterou firmu vyrábějící tu... Fruko-Schulz 0
9. Pro kterou módní značku se Raf... Tommy Hilfiger 0
10. Ne vždy sportovci produktům, n... Coca-Cola 1